Mária. O motýľoch. Prišiel si liečiť Muka Markasa?

Bibliographic Details
Main Author: Piroš, Alexander (Author)
Format: Article
Language:Slovak
Subjects:

MARC

LEADER 00000nab a2200000 a 4500
001 vtls000644966
003 SK-MaSNL
005 20260304094821.0
008 250425c1997 xo 0 slo
015 |a SNBRB19rr/mm-uuuuu 
035 |a CL0645105 
035 |a urn:nbn:sk:snk-abbrby 
035 |a (urnnbn)urn:nbn:sk:snk:ar-002v4q 
035 |a (uuid)4207fc8d-0a6e-4e77-987d-9e6aa64e5efd 
040 |a SNKBUCL  |b slo  |c SNKBUCL  |e AACR2 
041 0 |a slo 
044 |a xo  |c SK 
080 |a 885.4-3  |2 1981 
100 1 |a Piroš, Alexander  |4 aut  |9 514343 
245 1 0 |a Mária. O motýľoch. Prišiel si liečiť Muka Markasa?  |c Alexander Piroš 
650 0 7 |a poviedky psychologické  |2 snkbucl  |9 893883 
655 7 |a články z novín a časopisov  |2 snkbucl  |9 267496 
773 0 |t Dotyky  |g Roč. 9, č. 6 (1997), s. 8-9 
850 |a Slovenská národná knižnica 
852 |a Slovenská národná knižnica 
958 |a article15 
958 |a OND 
958 |a LX 
958 |a SK 
958 |a RK 
958 |a EUIPO 
992 |a RBX 
999 |c 2829119  |d 2831049